| 000 | 00688 a2200217 4500 | ||
|---|---|---|---|
| 001 | 62564 | ||
| 005 | 20260407155918.0 | ||
| 008 | 260407a1985 arg spa d | ||
| 003 | AR-UNSa-BCEJYS | ||
| 040 |
_aAR-UNSa-BCEJYS _bspa _cAR-UNSa-BCEJYS |
||
| 080 |
_a352(460) _xAdministración Municipal y Local de España |
||
| 245 | 1 | 0 | _aManual de impresos y formularios para ayuntamientos |
| 020 | _a978-84-7088-415-3 | ||
| 264 | 1 |
_aMadrid : _bInstituto de Estudios de Administración Local _c1985 |
|
| 300 |
_axviii, 349 p. _c30 cm. |
||
| 041 | _aspa | ||
| 942 | _cBK | ||
| 590 | _aniveau_biblio:m niveau_hierar:0 | ||
| 100 | 1 | _aChacon Ortega, Luis | |
| 700 | 1 | _aCaballero Pastor, Pedro J. | |
| 999 |
_c7698 _d7698 |
||